| 000 | 00437nam a2200193Ia 4500 | ||
|---|---|---|---|
| 003 | OSt | ||
| 005 | 20251125153503.0 | ||
| 008 | 250729s1885 xx 000 0 und d | ||
| 020 | _a9781340153748 | ||
| 040 | _cAL | ||
| 041 | _aeng | ||
| 082 | _a900 LODH | ||
| 100 |
_aLodge Richard _9224854 |
||
| 245 | _aA history of modern europe | ||
| 260 |
_aLondon _c1885 |
||
| 300 | _a772p | ||
| 650 |
_aHistory _9224855 |
||
| 942 |
_2ddc _cBED |
||
| 999 |
_c236622 _d236622 |
||